Personnalités nées dans les années 1940 par images - Statistiques

Statistiques générales
  • Ce quiz a été pris 15 034 fois
    13 558 depuis la dernière actualisation
  • Le résultat moyen est 15 sur 20
Statistiques - réponses
Par images Hint Réponse % Correct
1948 Gérard Depardieu
94%
1945-1981 Bob Marley
93%
1942 Joe Biden
93%
1942-2016 Mohamed Ali
92%
1944-1986 Coluche
91%
1940-1980 John Lennon
80%
1942 Michel Drucker
80%
1940-2022 Pelé
80%
1940-1973 Bruce Lee
77%
1948 Jean Reno
75%
1941-2011 Kim Jong-il
73%
1943-2021 Bernard Tapie
72%
1949 Julien Lepers
69%
1946 Bill Clinton
68%
1942-2018 Stephen Hawking
66%
1947-2018 France Gall
60%
1947 Michel Sardou
58%
1946 Roselyne Bachelot
54%
1946 Steven Spielberg
52%
1942 Eddy Mitchell
50%
Aucun quiz correspondant
Distribution des résultats
% des personnes avec chaque résultat
Percentile par nombre de réponses
Votre historique - résultats
Vous n’avez pas pris ce quiz depuis la dernière actualisation